[Event "Olbia CIG U16 24th"]
[Site "Olbia"]
[Date "2016.06.26"]
[Round "1"]
[White "Di Benedetto, Desiree"]
[Black "Bossoni, Alessandra"]
[Result "1-0"]
[WhiteElo "2142"]
[BlackElo "1501"]
[PlyCount "51"]
[EventDate "2016.06.26"]
[EventType "swiss"]
[EventRounds "9"]
[EventCountry "ITA"]
[SourceTitle "EXT 2024"]
[Source "ChessBase"]
[SourceDate "2023.10.10"]
[SourceVersion "1"]
[SourceVersionDate "2023.10.10"]
[SourceQuality "1"]

1. e4 d6 2. d4 Nf6 3. Nc3 g6 4. Be3 Bg7 5. Qd2 0-0 6. Nf3 Nc6 7. Bh6 e5 8. Bxg7 Kxg7 9. 0-0-0 Bg4 10. dxe5 dxe5 11. Qe3 Qe7 12. Nd5 Nxd5 13. exd5 Bxf3 14. Qxf3 Nd4 15. Qe3 Nf5 16. Qc3 Kg8 17. g3 a6 18. Bg2 Rfe8 19. Rhe1 Nd6 20. f4 e4 21. g4 f5 22. gxf5 gxf5 23. Bxe4 Nxe4 24. Rg1+ Kf8 25. Qh8+ Kf7 26. Qg7# 1-0

[Event "Milan SSM op-B 08"]
[Site "Milan"]
[Date "2015.08.04"]
[Round "6"]
[White "Bossoni, Alessandra"]
[Black "Colombo, Abner"]
[Result "1-0"]
[WhiteElo "1456"]
[BlackElo "1307"]
[PlyCount "65"]
[EventDate "2015.07.31"]
[EventType "swiss"]
[EventRounds "7"]
[EventCountry "ITA"]
[SourceTitle "EXT 2022"]
[Source "ChessBase"]
[SourceDate "2021.10.06"]
[SourceVersion "1"]
[SourceVersionDate "2021.10.06"]
[SourceQuality "1"]

1. e4 e5 2. Nf3 Nf6 3. Nc3 Nc6 4. Bb5 Bc5 5. 0-0 0-0 6. d3 h6 7. Bxc6 dxc6 8. Nxe5 Qe7 9. Nf3 Kh7 10. h3 Bb4 11. Bd2 Bc5 12. Qe2 Nh5 13. Ng5+ Kg6 14. Nf3 Ng3 15. Qd1 Nxf1 16. Kxf1 f5 17. Qe1 f4 18. d4 Bxd4 19. Nxd4 f3 20. Nxf3 Rxf3 21. gxf3 Bxh3+ 22. Ke2 Kh7 23. Qg1 Be6 24. Rd1 Bc4+ 25. Ke1 g5 26. b3 Be6 27. Bc1 Rf8 28. Qg3 b5 29. Bb2 b4 30. Ne2 Qc5 31. Qe5 Qe7 32. Nd4 Re8 33. Nxe6 1-0

[Event "Ceriano Laghetto op-C 24th"]
[Site "Ceriano Laghetto"]
[Date "2015.03.08"]
[Round "4"]
[White "Bossoni, Alessandra"]
[Black "Lupi, Matthew"]
[Result "0-1"]
[WhiteElo "1489"]
[BlackElo "1470"]
[PlyCount "120"]
[EventDate "2015.03.06"]
[EventType "swiss"]
[EventRounds "5"]
[EventCountry "ITA"]
[SourceTitle "EXT 2024"]
[Source "ChessBase"]
[SourceDate "2023.10.10"]
[SourceVersion "1"]
[SourceVersionDate "2023.10.10"]
[SourceQuality "1"]

1. e4 e5 2. Nf3 Nc6 3. Bc4 Bc5 4. c3 d6 5. d3 h6 6. Bb3 Nf6 7. 0-0 Bg4 8. Be3 Bb6 9. Bxb6 axb6 10. Nbd2 0-0 11. h3 Be6 12. Bc4 d5 13. exd5 Bxd5 14. Re1 Re8 15. Bxd5 Nxd5 16. Nc4 Qf6 17. Qe2 Nf4 18. Qe4 Ng6 19. a4 Re7 20. b4 Rae8 21. b5 Nd8 22. a5 bxa5 23. Nxa5 b6 24. Nc6 Nxc6 25. Qxc6 Qxc6 26. bxc6 Nf4 27. d4 e4 28. Ne5 Nd5 29. Rac1 b5 30. Rxe4 f6 31. c4 bxc4 32. Rxc4 fxe5 33. dxe5 Rxe5 34. Rxe5 Rxe5 35. f4 Rf5 36. g3 Rf6 37. Kf2 Ne7 38. Ke3 Rxc6 39. Rxc6 Nxc6 40. Ke4 Kf7 41. Kd5 Na7 42. Kc5 Ke7 43. g4 Kd7 44. h4 Nc6 45. g5 Nb8 46. f5 h5 47. Kd5 Ke7 48. Ke5 c6 49. Kd4 Kd6 50. Ke4 c5 51. Kd3 Ke5 52. f6 gxf6 53. g6 Ke6 54. Kc4 Nd7 55. Kd3 f5 56. Ke3 Kf6 57. g7 Kxg7 58. Kf4 Kf6 59. Ke3 Ke5 60. Kd3 f4 0-1

[Event "Milan Carnevale op-B 6th"]
[Site "Milan"]
[Date "2015.02.21"]
[Round "4"]
[White "Pasini, Nicolo"]
[Black "Bossoni, Alessandra"]
[Result "1-0"]
[WhiteElo "1748"]
[BlackElo "1483"]
[PlyCount "69"]
[EventDate "2015.02.18"]
[EventType "swiss"]
[EventRounds "6"]
[EventCountry "ITA"]
[SourceTitle "EXT 2017"]
[Source "ChessBase"]
[SourceDate "2016.10.25"]
[SourceVersion "1"]
[SourceVersionDate "2016.10.25"]
[SourceQuality "1"]

1. e4 d6 2. d4 Nf6 3. Nc3 g6 4. Be2 Nc6 5. g4 e5 6. g5 Nd7 7. dxe5 Ndxe5 8. f4 Nd7 9. Be3 Bg7 10. Qd2 b6 11. h4 Bb7 12. h5 Qe7 13. Nd5 Qd8 14. h6 Bf8 15. Bb5 a6 16. Bxc6 Bxc6 17. Qc3 Bxd5 18. Qxh8 Bxe4 19. Rh2 f6 20. Qxh7 Qe7 21. Qxe7+ Kxe7 22. 0-0-0 Kf7 23. Re1 Bd5 24. Bd4 c5 25. Bc3 b5 26. b3 b4 27. Bb2 c4 28. Rd2 Be6 29. Rde2 Re8 30. bxc4 fxg5 31. fxg5 Nc5 32. h7 Bg7 33. Bxg7 Kxg7 34. Nf3 Kxh7 35. Nd4 1-0

[Event "Milan Carnevale op-B 6th"]
[Site "Milan"]
[Date "2015.02.20"]
[Round "3"]
[White "Bossoni, Alessandra"]
[Black "Pipitone, Filippo Massimo"]
[Result "1/2-1/2"]
[WhiteElo "1483"]
[BlackElo "1545"]
[PlyCount "48"]
[EventDate "2015.02.18"]
[EventType "swiss"]
[EventRounds "6"]
[EventCountry "ITA"]
[SourceTitle "EXT 2017"]
[Source "ChessBase"]
[SourceDate "2016.10.25"]
[SourceVersion "1"]
[SourceVersionDate "2016.10.25"]
[SourceQuality "1"]

1. e4 c5 2. Nf3 e6 3. d4 cxd4 4. Nxd4 a6 5. Nc3 Qc7 6. Be2 Nf6 7. Be3 Bb4 8. Qd3 d5 9. 0-0 Bxc3 10. Qxc3 Qxc3 11. bxc3 Nxe4 12. c4 dxc4 13. Bxc4 b5 14. Bd3 Bb7 15. f3 Nf6 16. Rfe1 0-0 17. Bd2 Nbd7 18. Nb3 Rac8 19. Rac1 Rfe8 20. c4 bxc4 21. Rxc4 Rxc4 22. Bxc4 Rc8 23. Bd3 h6 24. Rc1 Rxc1+ 1/2-1/2